| 000 | 00893nam a22002897a 4500 | ||
|---|---|---|---|
| 003 | CHAP | ||
| 005 | 20220329135236.0 | ||
| 008 | 971013s1975 r 00010 d | ||
| 010 | _a33171 | ||
| 011 | _a34143 | ||
| 035 | _a38259 | ||
| 040 | _cCHAP | ||
| 082 |
_a549.12 _bN6 |
||
| 100 | 0 | 0 |
_aNoyola Gutiérrez, Pablo. _982083 |
| 245 | _aMecánica de rocas | ||
| 260 |
_aMéxico, D. F. : _bSecretaría de Agricultura y Ganadería, _c1975 |
||
| 300 |
_a54 h. _b; gráfs. |
||
| 590 |
_aBATCH-UPD _b10 _c20130110 _lUCH01 _h1112 |
||
| 590 |
_aBATCH-UPD _b10 _c20130410 _lUCH01 _h0704 |
||
| 590 |
_aBATCH-UPD _b10 _c20130914 _lUCH01 _h1842 |
||
| 590 |
_aCONVERSION _b10 _c20130109 _lUCH01 _h1319 |
||
| 650 | 1 | 4 |
_aRocas. _998161 |
| 710 | 0 |
_aPlan Presidencial Benito Juárez. México. _988676 |
|
| 901 | _aBK | ||
| 942 | _cLIBRO | ||
| 949 |
_a549.12 N6 _bBC _cLIBRO _d33724000446449 _eLIBRO _h41479 _i38259 _si |
||
| 999 |
_c33171 _d33171 |
||